000 00818nam a2200253 i 4500
001 bg
003 BPK
005 20200428115018.0
008 040614s1975 pl a f |000 0 pol
015 _aPB 1975/9191
040 _aWA N
_cBPK
041 0 _apol
080 _a514
080 _a(075.8)
100 1 _aJankowski, Wiktor
_d(1913-1996)
_eAutor
245 1 0 _aGeometria wykreślna :
_bpodręcznik dla inżynierskich studiów zawodowych /
_cWiktor Jankowski.
250 _aWyd. 3 zm.
260 _aWarszawa :
_bPańst. Wydaw. Naukowe,
_c1975.
300 _a287, [4] s. :
_bil., err. ;
_c24 cm.
655 4 _aPodręczniki akademickie
650 4 _aGeometria wykreślna
856 _uhttp://koha.tu.koszalin.pl/cgi-bin/koha/opac-detail.pl?biblionumber=32996
_yKatalog online BPK
942 _2UKD
_cKS
999 _c32996
_d32996